Pi Lin pi Kong dang chuang jiang /
Saved in:
| Corporate Author: | |
|---|---|
| Format: | Book |
| Language: | Chinese |
| Published: |
[Xianggang :
s.n.,
1978?]
|
| Subjects: | |
| Tags: |
Add Tag
No Tags, Be the first to tag this record!
|
| LEADER | 01140cam a2200253ui 4500 | ||
|---|---|---|---|
| 001 | 007736228-4 | ||
| 005 | 20024617110921.0 | ||
| 008 | 960229r19781974cc 000 0 chi d | ||
| 035 | 0 | |a ocm34292135 | |
| 040 | |a *CVU* |c *CVU* |d MH-HY |d CStRLIN | ||
| 245 | 0 | 0 | |6 880-01 |a Pi Lin pi Kong dang chuang jiang / |c Zhong gong Jia Xian guang kuo tian di da you zuo wei ren min gong she wei yuan hui bian. |
| 260 | |6 880-02 |a [Xianggang : |b s.n., |c 1978?] | ||
| 300 | |a 2, 42 p. ; |c 21 cm. | ||
| 500 | |6 880-03 |a Reprint. Originally published: Beijing : Nong ye chu ban she, 1974. | ||
| 600 | 1 | 0 | |6 880-04 |a Lin, Biao, |d 1908-1971. |
| 600 | 0 | 0 | |a Confucius. |
| 710 | 2 | |6 880-05 |a Zhong gong Jia Xian guang kuo tian di da you zuo wei ren min gong she. |b Wei yuan hui. | |
| 880 | 0 | 0 | |6 245-01 |a 批林批孔当闯将 / |c 中共郟县广阔天地大有作为人民公社委员会编. |
| 880 | |6 260-02 |a [香港 : |b s.n., |c 1978?] | ||
| 880 | |6 500-03 |a Reprint. Originally published: 北京 : 农业出版社, 1974. | ||
| 880 | 1 | 0 | |6 600-04 |a 林彪, |d 1908-1971. |
| 880 | 2 | |6 710-05 |a 中共郟县. |b 广阔天地大有作为人民公社委员会. | |
| 988 | |a 20021108 | ||
| 906 | |0 OCLC | ||


